Bio-bibliographical index of musicians in the United States of America since colonial times. (Record no. 51334)

MARC details
000 -LEADER
fixed length control field 01098cam a22002651 4500
001 - CONTROL NUMBER
control field pa 57000004
003 - CONTROL NUMBER IDENTIFIER
control field DLC
005 - DATE AND TIME OF LATEST TRANSACTION
control field 20260227111853.0
008 - FIXED-LENGTH DATA ELEMENTS--GENERAL INFORMATION
fixed length control field 740410s1956 dcu b 001 0 eng
010 ## - LIBRARY OF CONGRESS CONTROL NUMBER
LC control number pa 57000004
035 ## - SYSTEM CONTROL NUMBER
System control number (OCoLC)853092
040 ## - CATALOGING SOURCE
Original cataloging agency DLC
Transcribing agency OKentU
Modifying agency OCoLC
-- DLC
042 ## - AUTHENTICATION CODE
Authentication code premarc
050 00 - LIBRARY OF CONGRESS CALL NUMBER
Classification number ML106.U3
Item number H6 1956
110 2# - MAIN ENTRY--CORPORATE NAME
Corporate name or jurisdiction name as entry element District of Columbia Historical Records Survey.
245 10 - TITLE STATEMENT
Title Bio-bibliographical index of musicians in the United States of America since colonial times.
250 ## - EDITION STATEMENT
Edition statement 2d ed.
260 ## - PUBLICATION, DISTRIBUTION, ETC.
Place of publication, distribution, etc. Washington,
Name of publisher, distributor, etc. Music Section, Pan American Union,
Date of publication, distribution, etc. 1956.
300 ## - PHYSICAL DESCRIPTION
Extent xxiii, 439 p.
Dimensions 28 cm.
500 ## - GENERAL NOTE
General note "This Index was first planned in 1936 by Keyes Porter ... It was revived and expanded in January 1940 under the supervision of Dr. Leonard Ellinwood."
504 ## - BIBLIOGRAPHY, ETC. NOTE
Bibliography, etc. note Bibliography: p. xvii-xxiii.
500 ## - GENERAL NOTE
General note "A list of special studies, biographies, and autobiographies pertaining to the persons whose names appear in the Index": p. 421-439.
650 #0 - SUBJECT ADDED ENTRY--TOPICAL TERM
Topical term or geographic name entry element Music
General subdivision Bio-bibliography.
650 #0 - SUBJECT ADDED ENTRY--TOPICAL TERM
Topical term or geographic name entry element Music
Geographic subdivision United States
General subdivision Bio-bibliography.

No items available.

Powered by Koha